| 000 | 00545nam a22001937a 4500 | ||
|---|---|---|---|
| 005 | 20251108164335.0 | ||
| 008 | 250721s1979 xx 000 0 ara d | ||
| 082 | 1 | 4 | _a674/جرو |
| 100 | 1 | _aجرونمان، كريس هـ. | |
| 245 | 1 | 0 | _aالنجارة العامة / |
| 250 | _aط3. | ||
| 264 | 1 |
_aالقاهره : _bمكتبة النهضه المصريه، _c1979. |
|
| 300 | _a223ص | ||
| 650 | 1 | 7 | _aالنجارة |
| 650 | 1 | 7 | _aالخشب |
| 700 | 1 |
_aعبد القادر، عباس _eترجمة |
|
| 942 |
_2ddc _cBK |
||
| 999 |
_c9742 _d9742 |
||